000 01266nam a2200277 4500
001 0000016897
003 CO-CtgCURN
005 20250425195826.0
008 160627s1997 000 0 eng d
020 _a9583501441
040 _aCO-CtgCURN
_bspa
_ccoctgcurn
082 0 _a347.5
_bT15r
100 1 _aTamayo Jaramillo, Javier.
245 1 3 _aLa responsabilidad del estado :
_bel daño antijuridico (Const. pol., art. 90), el riesgo excepcional y las actividades peligrosas /
_cJavier Tamayo Jaramillo.
260 _aBogotá :
_bTemis,
_c1997.
300 _axiv, 182 p.
336 _2rdacontent
337 _2rdamedia
_asin mediacion
_bn
338 _2rdacarrier
_avolumen
_bnc
504 _aBibliografia (p. 181-182)
505 8 _aFuentes de la responsabilidad del estado.--La responsabilidad del estado en la constitucion de 1991.--Las actividades peligrosas y riesgosas en la jurisprudencia del consejo de estado.--Las actividades peligrosas o riesgosas en algunos casos especiales.--Exoneracion del estado en la responsabilidad por actividades peligrosas
650 0 _aResponsabilidad del estado
_zColombia.
908 _a160627
942 _cBK
_h347.5
_iT15r
_2ddc
_n0
999 _c30926
_d30926